[Event "u"]
[Site "˙˙˙˙o^ch-CHN w 2011"]
[Date "2011.04.06"]
[Round "4.6"]
[White "Tantsiura, Marja"]
[Black "Feduk, Irina"]
[Result "1-0"]
[WhiteElo "2103"]
[BlackElo "1887"]
[PlyCount "67"]
[EventDate "2011.??.??"]
[EventRounds "11"]
[EventCountry "CHN"]
[SourceTitle "OM OTB B 201907"]
[Source "Opening Master"]
[SourceDate "2019.07.06"]
[SourceVersion "2"]
[SourceVersionDate "2019.07.06"]
[SourceQuality "1"]

1. e4 e5 2. Nf3 Nc6 3. c3 d5 4. Qa4 f6 5. Bb5 Nge7 6. exd5 Qxd5 7. d4 Bd7 8.
O-O e4 9. Nfd2 f5 10. Nb3 a6 11. Nc5 Rb8 12. Bc4 Qd6 13. Nxd7 Qxd7 14. Qb3 Na5
15. Bf7+ Kd8 16. Qe6 Nac6 17. d5 Na7 18. Bg5 Nac8 19. Qe5 h6 20. Bf4 Nd6 21.
Be6 Qb5 22. Na3 Qb6 23. Qd4 Qxd4 24. cxd4 Nec8 25. Rac1 Be7 26. Nc4 Bg5 27.
Bxg5+ hxg5 28. Ne5 Ne7 29. Rc2 b6 30. Rc6 Rh7 31. Rfc1 Rb7 32. Rxd6+ cxd6 33.
Nf7+ Ke8 34. Nxd6+ 1-0

[Event "Ruhrgebiet-ch Seniors 18th"]
[Site "Essen"]
[Date "2011.04.05"]
[Round "5"]
[White "Liszka, Guenter"]
[Black "Dahlhaus, Friedhelm"]
[Result "0-1"]
[WhiteElo "1770"]
[BlackElo "1979"]
[PlyCount "74"]
[EventDate "2011.03.28"]
[EventType "swiss"]
[EventRounds "9"]
[EventCountry "GER"]
[SourceTitle "EXT 2012"]
[Source "ChessBase"]
[SourceDate "2011.11.24"]
[SourceVersion "1"]
[SourceVersionDate "2011.11.24"]
[SourceQuality "1"]

1. e4 e5 2. Nf3 Nc6 3. c3 f5 4. d4 fxe4 5. Nxe5 Nf6 6. Bg5 Be7 7. Bxf6 Bxf6 8.
Bc4 d5 9. Bb5 O-O 10. Nxc6 bxc6 11. Be2 Rb8 12. b3 c5 13. O-O cxd4 14. cxd4 c5
15. Nc3 Be6 16. Rc1 cxd4 17. Nb1 Qd7 18. Qd2 d3 19. Bh5 g6 20. Bd1 Qe7 21. Rc6
Bd4 22. b4 Rxf2 23. Rxf2 Rf8 24. Bf3 exf3 25. Qxd3 Bxf2+ 26. Kxf2 Qh4+ 27. g3
Qxh2+ 28. Ke3 Qg1+ 29. Kd2 Qf2+ 30. Kd1 Bf7 31. Rf6 Re8 32. Nd2 Qe1+ 33. Kc2
Rc8+ 34. Kb3 Qd1+ 35. Ka3 Qc1+ 36. Kb3 d4+ 37. Rxf7 Rc3+ 0-1

[Event "FICGS__CHESS__RAPID_E__000052"]
[Site "FICGS"]
[Date "2011.04.04"]
[Round "1"]
[White "Melquiades, Jay"]
[Black "Dups, Vincent"]
[Result "1-0"]
[WhiteElo "996"]
[BlackElo "1221"]
[PlyCount "33"]
[EventDate "2011.??.??"]
[EventType "rapid"]

1. e4 e5 2. Nf3 Nc6 3. c3 Nf6 4. d3 d5 5. Bg5 Be7 6. Nbd2 O-O 7. exd5 Nxd5 8.
Bxe7 Qxe7 9. Ne4 Rd8 10. h4 f5 11. Neg5 e4 12. Nd4 Nxd4 13. cxd4 Qb4+ 14. Ke2
Qxb2+ 15. Ke1 Qc3+ 16. Ke2 Nf4+ 17. Ke3 1-0

[Event "CRO-chT3 Center-A"]
[Site "Zagreb"]
[Date "2011.04.03"]
[Round "5.15"]
[White "Kolmanic, Zvonko"]
[Black "Ivekovic, Tihana"]
[Result "0-1"]
[WhiteElo "2054"]
[BlackElo "1994"]
[PlyCount "106"]
[EventDate "2011.03.13"]
[EventType "team-tourn"]
[EventRounds "11"]
[EventCountry "CRO"]
[SourceTitle "EXT 2014"]
[Source "ChessBase"]
[SourceDate "2013.11.20"]
[SourceVersion "1"]
[SourceVersionDate "2013.11.20"]
[SourceQuality "1"]

1. e4 e5 2. Nf3 Nc6 3. c3 Nf6 4. d4 d6 5. dxe5 Nxe5 6. Nxe5 dxe5 7. Qxd8+ Kxd8
8. Bc4 Nxe4 9. Bxf7 Bc5 10. f3 Rf8 11. Bc4 Nd6 12. Bd3 Bf5 13. Bxf5 Rxf5 14.
Ke2 e4 15. f4 Kd7 16. b4 Bb6 17. Na3 a5 18. Nc2 axb4 19. cxb4 Nc4 20. g3 Rb5
21. Rd1+ Ke6 22. a4 Rd5 23. Rxd5 Kxd5 24. Ne3+ Bxe3 25. Bxe3 b6 26. Rd1+ Ke6
27. Rd4 Nd6 28. b5 g6 29. g4 h5 30. g5 Kf5 31. h3 Ke6 32. Bc1 Kf5 33. Be3 Ke6
34. Kd2 Rc8 35. Rb4 Kd5 36. Rd4+ Ke6 37. Ke2 Ra8 38. Bc1 Kf5 39. Kf2 Ra7 40.
Ke2 Ra8 41. Be3 Ke6 42. Kd2 Rc8 43. Kc3 c5 44. bxc6 Rxc6+ 45. Kb3 b5 46. a5 Kd7
47. Bd2 Rc4 48. Rxc4 Nxc4 49. Be1 Ne3 50. a6 Kc6 51. Kc3 Nd5+ 52. Kd4 Nxf4 53.
h4 e3 0-1

[Event "corr DESC VM2011/Rd.1/Gr.4"]
[Site "www.desc-online.de"]
[Date "2011.04.01"]
[Round "1"]
[White "Mueller, Wolfgang"]
[Black "Mayer, Eduardo"]
[Result "1/2-1/2"]
[WhiteElo "2290"]
[BlackElo "2253"]
[PlyCount "47"]
[EventDate "2011.??.??"]
[EventType "tourn (corr)"]
[SourceTitle "OM Corr 202003"]
[Source "Opening Master"]
[SourceDate "2019.05.30"]
[SourceVersion "2"]
[SourceVersionDate "2019.05.30"]
[SourceQuality "1"]
[WhiteTeam "SK Bremen-Nord"]
[BlackTeam "IECC 1"]

1. e4 e5 2. Nf3 Nc6 3. c3 d5 4. Qa4 f6 5. Bb5 Nge7 6. exd5 Qxd5 7. O-O e4 8. c4
Qd7 9. Ne1 a6 10. Nc3 b6 11. c5 Bb7 12. Be2 Nd4 13. Qxd7+ Kxd7 14. cxb6 Nxe2+
15. Nxe2 cxb6 16. d3 Nf5 17. dxe4 Bxe4 18. Nc3 Bc6 19. Bf4 Kc8 20. Nc2 Kb7 21.
Rad1 Bc5 22. b4 Be7 23. Nd5 Rad8 24. Nxe7 1/2-1/2

[Event "Ch Hessen (juniors) (under 18)"]
[Site "Bad Homburg (Germany)"]
[Date "2011.04.??"]
[Round "7"]
[White "Polak, Elias"]
[Black "Meier, Lars"]
[Result "0-1"]
[WhiteElo "1868"]
[BlackElo "1999"]
[PlyCount "52"]
[EventDate "2011.??.??"]
[EventRounds "9"]
[EventCountry "GER"]
[SourceTitle "OM OTB B 201907"]
[Source "Opening Master"]
[SourceDate "2019.07.06"]
[SourceVersion "2"]
[SourceVersionDate "2019.07.06"]
[SourceQuality "1"]

1. e4 e5 2. Nf3 Nc6 3. c3 d5 4. Qa4 f6 5. Bb5 Nge7 6. O-O Be6 7. d3 a6 8. Bxc6+
Nxc6 9. Nbd2 Be7 10. d4 b5 11. Qc2 dxe4 12. Nxe4 exd4 13. Rd1 O-O 14. Nxd4 Nxd4
15. Rxd4 Qc8 16. Bf4 g5 17. Be3 c5 18. Rd2 Qc6 19. Rad1 Bf5 20. Rd5 Bg6 21. f4
Qe6 22. Nxf6+ Rxf6 23. Qd2 gxf4 24. Bxf4 Raf8 25. Re5 Qf7 26. g3 Bd6 0-1

[Event "Tournament (open)"]
[Site "Groningen (Netherlands)"]
[Date "2011.03.30"]
[Round "5"]
[White "Zwanepol, Johan"]
[Black "Roorda, Maarten"]
[Result "1-0"]
[WhiteElo "1942"]
[BlackElo "1721"]
[PlyCount "66"]
[EventDate "2011.??.??"]
[EventRounds "7"]
[EventCountry "NED"]
[SourceTitle "OM OTB B 201907"]
[Source "Opening Master"]
[SourceDate "2019.07.06"]
[SourceVersion "2"]
[SourceVersionDate "2019.07.06"]
[SourceQuality "1"]

1. e4 e5 2. Nf3 Nc6 3. c3 d5 4. Qa4 Bd7 5. exd5 Nd4 6. Qd1 Nxf3+ 7. Qxf3 Bd6 8.
c4 f5 9. Na3 Nf6 10. Nc2 Qe7 11. Qd1 c5 12. Be2 O-O 13. O-O f4 14. d3 b5 15. f3
a5 16. Re1 b4 17. Bf1 Qf7 18. Re2 Kh8 19. b3 Bf5 20. Bb2 Nd7 21. Qd2 Qg6 22.
Rd1 a4 23. Qc1 axb3 24. axb3 Bxd3 25. Rxd3 Qxd3 26. Rxe5 Qxb3 27. Re6 Ra2 28.
Bxg7+ Kxg7 29. Rxd6 Qxc2 30. Rxd7+ Kg8 31. Qe1 Qg6 32. Qe5 Raa8 33. Bd3 Qf6 1-0

[Event "Leverkusen Bayer op 9th"]
[Site "Leverkusen"]
[Date "2011.03.28"]
[Round "6"]
[White "Neumann, Thomas1"]
[Black "Balduan, Karl Heinz"]
[Result "1-0"]
[WhiteElo "1684"]
[BlackElo "1452"]
[PlyCount "77"]
[EventDate "2011.01.10"]
[EventType "swiss"]
[EventRounds "7"]
[EventCountry "GER"]
[SourceTitle "EXT 2012"]
[Source "ChessBase"]
[SourceDate "2011.11.24"]
[SourceVersion "1"]
[SourceVersionDate "2011.11.24"]
[SourceQuality "1"]

1. e4 e5 2. Nf3 Nc6 3. c3 d6 4. d4 Bd7 5. Be3 h6 6. Bc4 Nf6 7. Qc2 Be7 8. O-O
a6 9. d5 Na7 10. Bd3 c5 11. a4 Ng4 12. Bd2 Qc8 13. b3 g5 14. Na3 Nf6 15. Nc4
Qc7 16. Be3 Nh5 17. b4 b5 18. axb5 axb5 19. Nb2 c4 20. Be2 Nf4 21. Ra2 g4 22.
Nxe5 Nxe2+ 23. Qxe2 dxe5 24. Rfa1 f5 25. Rxa7 Rxa7 26. Rxa7 Qc8 27. exf5 Bxf5
28. Bd4 Qb8 29. Rxe7+ Kxe7 30. Bxe5 Qa8 31. Bxh8+ Kf7 32. Bd4 Qxd5 33. Qe5 Qd7
34. Qf6+ Ke8 35. Qxh6 Qe7 36. Qh8+ Kd7 37. Qg7 Qxg7 38. Bxg7 Ke6 39. Nd1 1-0

[Event "HUN-chT2 Breyer 1011"]
[Site "Hungary"]
[Date "2011.03.27"]
[Round "7.4"]
[White "Sugar, Gabor"]
[Black "Papista, Akos"]
[Result "0-1"]
[WhiteElo "2131"]
[BlackElo "2177"]
[PlyCount "96"]
[EventDate "2010.09.12"]
[EventType "team-tourn"]
[EventRounds "11"]
[EventCountry "HUN"]
[SourceTitle "EXT 2012"]
[Source "ChessBase"]
[SourceDate "2011.11.24"]
[SourceVersion "1"]
[SourceVersionDate "2011.11.24"]
[SourceQuality "1"]
[WhiteTeam "Zsambek"]
[BlackTeam "Biatorbagy"]
[WhiteTeamCountry "HUN"]
[BlackTeamCountry "HUN"]

1. e4 e5 2. Nf3 Nc6 3. c3 Nf6 4. d4 Nxe4 5. d5 Nb8 6. Bd3 Nc5 7. Bc2 d6 8. O-O
Bg4 9. Re1 Be7 10. Be3 b6 11. b4 Ncd7 12. h3 Bh5 13. Nbd2 O-O 14. Qb1 Bg6 15.
Bxg6 hxg6 16. c4 f5 17. Nb3 a5 18. b5 a4 19. Nc1 Nc5 20. Ne2 Nbd7 21. Qc2 Bf6
22. Rad1 Ne4 23. a3 Ndc5 24. Nc1 g5 25. Nh2 Qd7 26. f3 Ng3 27. Bxc5 bxc5 28.
Ne2 Nxe2+ 29. Rxe2 Rfe8 30. Rde1 Kf7 31. Nf1 Rh8 32. Nh2 Rh4 33. Rd1 g6 34.
Rde1 Qd8 35. Nf1 Qh8 36. Nh2 Rd4 37. Nf1 Qh4 38. Ne3 Qg3 39. Nf1 Qf4 40. Ne3
Kg7 41. Rc1 e4 42. fxe4 Rxe4 43. Rf1 Qe5 44. Rxf5 gxf5 45. Nxf5+ Qxf5 46. Rxe4
Bd4+ 47. Kh2 Be5+ 48. Kg1 Rf8 0-1

[Event "Leipzig VfB op 18th"]
[Site "Leipzig"]
[Date "2011.03.26"]
[Round "8"]
[White "Pichler, Manfred"]
[Black "Dorst, Johannes"]
[Result "0-1"]
[WhiteElo "2082"]
[BlackElo "2184"]
[PlyCount "88"]
[EventDate "2011.03.20"]
[EventType "swiss"]
[EventRounds "9"]
[EventCountry "GER"]
[SourceTitle "CBM 141 Extra"]
[Source "ChessBase"]
[SourceDate "2011.05.03"]
[SourceVersion "1"]
[SourceVersionDate "2011.05.03"]
[SourceQuality "1"]

1. e4 e5 2. Nf3 Nc6 3. c3 d5 4. Qa4 f6 5. Bb5 Nge7 6. exd5 Qxd5 7. d4 Bd7 8.
O-O e4 9. Nfd2 a6 10. Bc4 Qh5 11. Qc2 f5 12. Nb3 Ng6 13. f3 Bd6 14. g3 O-O-O
15. fxe4 fxe4 16. Be3 Nce7 17. Qxe4 Bc6 18. Be6+ Kb8 19. Qg4 Qxg4 20. Bxg4 Nd5
21. Bg5 Bb5 22. Rd1 Rde8 23. a4 Be2 24. Bxe2 Rxe2 25. Rd2 Re1+ 26. Kf2 Rhe8 27.
c4 Nb4 28. c5 Bf8 29. Nc3 R1e6 30. Rad1 h6 31. Bf4 Nxf4 32. gxf4 Rf6 33. Ne2
Nd5 34. Rd3 g5 35. f5 Rxf5+ 36. Ke1 Nf4 37. Nbc1 Nxd3+ 38. Rxd3 b6 39. b4 a5
40. bxa5 bxc5 41. Rb3+ Ka7 42. Rc3 Bd6 43. dxc5 Rxc5 44. Rh3 Rxc1+ 0-1

[Event "Leipzig VfB op 18th"]
[Site "Leipzig"]
[Date "2011.03.26"]
[Round "7"]
[White "Pichler, Manfred"]
[Black "Zeller, Frank"]
[Result "1/2-1/2"]
[WhiteElo "2082"]
[BlackElo "2419"]
[PlyCount "103"]
[EventDate "2011.03.20"]
[EventType "swiss"]
[EventRounds "9"]
[EventCountry "GER"]
[SourceTitle "CBM 141 Extra"]
[Source "ChessBase"]
[SourceDate "2011.05.03"]
[SourceVersion "1"]
[SourceVersionDate "2011.05.03"]
[SourceQuality "1"]

1. e4 e5 2. Nf3 Nc6 3. c3 f5 4. d4 fxe4 5. Nxe5 Qf6 6. Ng4 Qg6 7. Bf4 d6 8. Ne3
Nf6 9. Be2 Bd7 10. Na3 Be7 11. Nb5 Bd8 12. Qb3 Nh5 13. Bg3 a6 14. Na3 Rf8 15.
d5 Na5 16. Qc2 b5 17. Bxh5 Qxh5 18. Qxe4+ Kf7 19. Nac2 Bf6 20. O-O Rfe8 21. Qb4
Nb7 22. Qf4 Nc5 23. Ne1 Na4 24. Rb1 Qg6 25. Nf3 Kg8 26. Bh4 Re4 27. Qg3 Bxh4
28. Nxh4 Qf6 29. Nf3 Rae8 30. Rfe1 b4 31. Nd2 R4e5 32. c4 Nxb2 33. Nf3 Re4 34.
Qg5 Qc3 35. Rec1 Qa3 36. Nc2 Qxa2 37. Nxb4 Qb3 38. Nxa6 Qb6 39. Nxc7 Qxc7 40.
Rxb2 Qxc4 41. Rbb1 Qe2 42. Qd2 Qxd2 43. Nxd2 Rd4 44. Nc4 Bf5 45. Nxd6 Bxb1 46.
Nxe8 Ba2 47. Nd6 g6 48. Nb5 Rxd5 49. Nc3 Rd2 50. Nxa2 Rxa2 51. g3 Ra7 52. Kg2
1/2-1/2

[Event "MGL-ch (Women)"]
[Site "Ulaanbaatar"]
[Date "2011.03.26"]
[Round "2"]
[White "Enkhtuul, Altanulzii"]
[Black "Battsetseg, Urjinbadam"]
[Result "1-0"]
[WhiteElo "1834"]
[BlackElo "1651"]
[PlyCount "59"]
[EventDate "2011.03.25"]
[EventType "tourn"]
[EventRounds "13"]
[EventCountry "MGL"]
[SourceTitle "CBM 141 Extra"]
[Source "ChessBase"]
[SourceDate "2011.05.03"]
[SourceVersion "1"]
[SourceVersionDate "2011.05.03"]
[SourceQuality "1"]

1. e4 e5 2. Nf3 Nc6 3. c3 Nf6 4. d4 exd4 5. e5 Ne4 6. Qe2 Nc5 7. cxd4 Ne6 8. d5
Ned4 9. Nxd4 Nxd4 10. Qe4 Bb4+ 11. Nc3 c5 12. Bd3 a6 13. Qg4 Kf8 14. d6 Qa5 15.
O-O Bxc3 16. bxc3 Nc6 17. Qf5 Qxc3 18. Bf4 b5 19. Rac1 Qd4 20. Be4 Bb7 21. Rfd1
Qa4 22. Bd5 Nd8 23. Qxd7 Bc6 24. Qe7+ Kg8 25. Bxc6 Nxc6 26. d7 h6 27. d8=Q+
Rxd8 28. Rxd8+ Nxd8 29. Qxd8+ Kh7 30. Qd3+ 1-0

[Event "Leipzig VfB op 18th"]
[Site "Leipzig"]
[Date "2011.03.22"]
[Round "1"]
[White "Pichler, Manfred"]
[Black "Garbe, Maximilian"]
[Result "1-0"]
[WhiteElo "2082"]
[BlackElo "1695"]
[PlyCount "79"]
[EventDate "2011.03.20"]
[EventType "swiss"]
[EventRounds "9"]
[EventCountry "GER"]
[SourceTitle "CBM 141 Extra"]
[Source "ChessBase"]
[SourceDate "2011.05.03"]
[SourceVersion "1"]
[SourceVersionDate "2011.05.03"]
[SourceQuality "1"]

1. e4 e5 2. Nf3 Nc6 3. c3 Nf6 4. d4 exd4 5. e5 Nd5 6. cxd4 Bb4+ 7. Bd2 Bxd2+ 8.
Nbxd2 d6 9. Bb5 Nde7 10. O-O O-O 11. h3 Be6 12. Qe2 h6 13. Rfd1 Bd5 14. Bc4 Re8
15. Bxd5 Nxd5 16. Qe4 Nb6 17. Qf4 Nd5 18. Qg3 Re6 19. Ne4 Qe8 20. Nh4 Rd8 21.
f4 dxe5 22. dxe5 b6 23. Rac1 Ncb4 24. a3 Na6 25. Qd3 Nb8 26. Qg3 Na6 27. Kh1
Kh8 28. Nf3 f5 29. exf6 Nxf6 30. Nxf6 Rxd1+ 31. Rxd1 Rxf6 32. Ne5 Nc5 33. b4
Ne6 34. Rd7 Kh7 35. Qd3+ Kg8 36. f5 Nf8 37. Qd5+ Kh7 38. Rd8 Qe7 39. Ng6 Rxf5
40. Nxe7 1-0

[Event "EU-ch 12th"]
[Site "Aix les Bains"]
[Date "2011.03.22"]
[Round "1"]
[White "Snuverink, Jochem"]
[Black "Aleksandrov, Aleksej"]
[Result "0-1"]
[WhiteElo "2307"]
[BlackElo "2638"]
[PlyCount "84"]
[EventDate "2011.03.22"]
[EventType "swiss"]
[EventRounds "11"]
[EventCountry "FRA"]
[SourceTitle "CBM 142 Extra"]
[Source "ChessBase"]
[SourceDate "2011.06.27"]
[SourceVersion "1"]
[SourceVersionDate "2011.06.27"]
[SourceQuality "1"]

1. e4 e5 2. Nf3 Nc6 3. c3 d5 4. Qa4 f6 5. d3 Nge7 6. Be2 g5 7. h4 g4 8. Nfd2 h5
9. b4 Ng6 10. exd5 Qxd5 11. Ne4 Bg7 12. b5 Nce7 13. c4 Qd4 14. Nbc3 Nf4 15. Kf1
f5 16. Be3 Qd8 17. Ng5 Nxe2 18. Nxe2 f4 19. Bc5 f3 20. Ng3 fxg2+ 21. Kxg2 Ng6
22. Be3 b6 23. c5 Qd5+ 24. Qe4 Qxe4+ 25. dxe4 bxc5 26. Rac1 Bf8 27. Rc3 a6 28.
a4 axb5 29. axb5 Ra2 30. Nf5 Nf4+ 31. Bxf4 exf4 32. Rd1 Rb2 33. Rd5 Bxf5 34.
Rxf5 Bd6 35. e5 Rf8 36. exd6 Rxf5 37. dxc7 Kd7 38. Ne6 Rd5 39. Nxf4 Rf5 40. Kg3
Kxc7 41. f3 gxf3 42. Rxf3 Kb6 0-1

[Event "V Festival A"]
[Site "Erba ITA"]
[Date "2011.03.20"]
[Round "5"]
[White "Borgo, Giulio"]
[Black "Pace, Pietro Dario"]
[Result "1-0"]
[WhiteElo "2401"]
[BlackElo "2300"]
[PlyCount "55"]
[EventDate "2011.03.18"]
[SourceTitle "OM OTB B 201907"]
[Source "Opening Master"]
[SourceDate "2019.07.06"]
[SourceVersion "2"]
[SourceVersionDate "2019.07.06"]
[SourceQuality "1"]

1. e4 e5 2. Nf3 Nc6 3. c3 f5 4. d4 fxe4 5. Nxe5 Nf6 6. Qb3 d5 7. Bb5 Bd7 8. Bg5
Be7 9. O-O a6 10. Be2 Na5 11. Qc2 O-O 12. Nd2 Be8 13. f3 exf3 14. Ndxf3 Nd7 15.
Bxe7 Qxe7 16. Bd3 h6 17. Bh7+ Kh8 18. Bg6 Nxe5 19. Nxe5 Rxf1+ 20. Rxf1 Nc6 21.
Qf2 Kg8 22. Nf7 Bd7 23. Qc2 Qe3+ 24. Kh1 Be6 25. Bh7+ Kf8 26. Nxh6+ Ke7 27.
Nf5+ Bxf5 28. Qxf5 1-0

[Event "Catalunya-chT"]
[Site "Barcelona"]
[Date "2011.03.19"]
[Round "8.10"]
[White "Castellano Egea, Einar"]
[Black "Forsberg Conde, Martin"]
[Result "1-0"]
[WhiteElo "2181"]
[BlackElo "2060"]
[PlyCount "57"]
[EventDate "2011.01.29"]
[EventType "team-tourn"]
[EventRounds "11"]
[EventCountry "ESP"]
[SourceTitle "EXT 2012"]
[Source "ChessBase"]
[SourceDate "2011.11.24"]
[SourceVersion "1"]
[SourceVersionDate "2011.11.24"]
[SourceQuality "1"]
[WhiteTeam "San Andreu"]
[BlackTeam "Forment"]
[WhiteTeamCountry "ESP"]
[BlackTeamCountry "ESP"]

1. e4 e5 2. Nf3 Nc6 3. c3 Nf6 4. d4 d5 5. Bb5 exd4 6. e5 Ne4 7. cxd4 Bd7 8. Qb3
Nb4 9. Bxd7+ Qxd7 10. a3 Nc6 11. Qxb7 Rb8 12. Qa6 Rb6 13. Qd3 a5 14. b3 Be7 15.
Be3 O-O 16. Nbd2 f5 17. exf6 Bxf6 18. O-O Ne7 19. Nxe4 dxe4 20. Qxe4 Rxb3 21.
Rfc1 Nd5 22. Rc5 c6 23. Rxa5 Re8 24. Qc2 Reb8 25. Re1 Be7 26. Ne5 Qb7 27. Qxc6
Qxc6 28. Nxc6 Re8 29. Rxd5 1-0

[Event "SVK-chT1E 1011"]
[Site "Slovakia"]
[Date "2011.03.19"]
[Round "8"]
[White "Tropp, Lukas"]
[Black "Galovic, Stefan"]
[Result "0-1"]
[WhiteElo "2029"]
[BlackElo "2117"]
[PlyCount "150"]
[EventDate "2010.11.06"]
[EventType "team-tourn"]
[EventRounds "11"]
[EventCountry "SVK"]
[SourceTitle "EXT 2012"]
[Source "ChessBase"]
[SourceDate "2011.11.24"]
[SourceVersion "1"]
[SourceVersionDate "2011.11.24"]
[SourceQuality "1"]
[WhiteTeam "Liptov Chess School"]
[BlackTeam "Svit"]
[WhiteTeamCountry "SVK"]
[BlackTeamCountry "SVK"]

1. e4 e5 2. Nf3 Nc6 3. c3 d5 4. Qa4 f6 5. Bb5 Nge7 6. d3 Be6 7. O-O a6 8. Bxc6+
Nxc6 9. Nbd2 Be7 10. Re1 dxe4 11. dxe4 O-O 12. Nf1 Qe8 13. Ng3 Qf7 14. Nf5 b5
15. Qc2 Bc5 16. N3h4 Rfd8 17. Qe2 Rd7 18. Qg4 Kh8 19. Qg3 Rad8 20. Be3 Bf8 21.
f4 Rd3 22. Qf2 exf4 23. Bd4 Ne5 24. Nf3 Nxf3+ 25. gxf3 c5 26. Qe2 Bc4 27. b3
R3xd4 28. bxc4 Rd2 29. Qf1 Qh5 30. Re2 g6 31. Nd4 Rd3 32. Rc2 bxc4 33. Ne6 Rd2
34. Rxd2 Rxd2 35. h3 Qh4 36. Qe1 Qxe1+ 37. Rxe1 Bd6 38. Rb1 Kg8 39. Rb7 Be5 40.
Rg7+ Kh8 41. Ra7 h5 42. Ra8+ Kh7 43. Rc8 g5 44. Rxc5 Rxa2 45. Nxg5+ Kg6 46. Ne6
Ra4 47. Nd4 Ra3 48. Ne2 Ra2 49. Kf1 Ra1+ 50. Kg2 Ra4 51. h4 a5 52. Nd4 Kf7 53.
Kf1 Ra1+ 54. Kg2 Ra4 55. Kf1 Ke8 56. Nb5 Ra1+ 57. Kf2 a4 58. Rxc4 a3 59. Ra4 a2
60. Kg2 Rb1 61. Rxa2 Rxb5 62. Rc2 Ke7 63. Kf1 Rb1+ 64. Kg2 Rb3 65. Ra2 Rxc3 66.
Ra7+ Rc7 67. Ra8 Rc2+ 68. Kg1 Ke6 69. Rh8 Bd4+ 70. Kh1 Rf2 71. Rxh5 Rxf3 72.
Rf5 Rh3+ 73. Kg2 Rxh4 74. Kf3 Be5 75. Kf2 Kd6 0-1

[Event "Yuzhny FO-ch op"]
[Site "Armavir"]
[Date "2011.03.19"]
[Round "8"]
[White "Petrov, Pavel P"]
[Black "Perekrestov, Viktor"]
[Result "1-0"]
[WhiteElo "1983"]
[BlackElo "1884"]
[PlyCount "97"]
[EventDate "2011.03.12"]
[EventType "swiss"]
[EventRounds "9"]
[EventCountry "RUS"]
[SourceTitle "CBM 141 Extra"]
[Source "ChessBase"]
[SourceDate "2011.05.03"]
[SourceVersion "1"]
[SourceVersionDate "2011.05.03"]
[SourceQuality "1"]

1. e4 e5 2. Nf3 Nc6 3. c3 Be7 4. d4 d6 5. h3 Nf6 6. Be2 O-O 7. d5 Nb8 8. Qc2 c5
9. O-O b6 10. Re1 Ba6 11. c4 Nbd7 12. Nc3 Re8 13. g3 Nf8 14. Nh4 g6 15. Kh2 Kg7
16. Rg1 Ng8 17. Ng2 Bc8 18. f4 Nd7 19. Be3 exf4 20. gxf4 f6 21. Raf1 Nh6 22.
Nh4 Nf8 23. Bh5 Kh8 24. f5 g5 25. Nf3 Nd7 26. Bxe8 Qxe8 27. Qg2 Nf7 28. Bf4 Qf8
29. Bg3 h6 30. Kh1 Ba6 31. b3 Re8 32. Bh2 Qg7 33. a4 Nde5 34. Bxe5 dxe5 35. Nh4
Bd6 36. Ra1 Bc7 37. Ng6+ Kh7 38. Qf3 Nh8 39. Nxh8 Kxh8 40. h4 Kg8 41. Qh5 Rd8
42. hxg5 hxg5 43. Kg2 Bb7 44. Rh1 a6 45. Rh2 Bd6 46. Rah1 Bf8 47. Qh8+ Qxh8 48.
Rxh8+ Kf7 49. R1h7+ 1-0

[Event "V Festival A"]
[Site "Erba ITA"]
[Date "2011.03.19"]
[Round "3"]
[White "Borgo, Giulio"]
[Black "Janeva, Mariya"]
[Result "1-0"]
[WhiteElo "2401"]
[BlackElo "2028"]
[PlyCount "61"]
[EventDate "2011.03.18"]
[SourceTitle "OM OTB B 201907"]
[Source "Opening Master"]
[SourceDate "2019.07.06"]
[SourceVersion "2"]
[SourceVersionDate "2019.07.06"]
[SourceQuality "1"]

1. e4 e5 2. Nf3 Nc6 3. c3 Bc5 4. d4 exd4 5. cxd4 Bb4+ 6. Nc3 d6 7. Bg5 Nge7 8.
h3 h6 9. Bxe7 Bxc3+ 10. bxc3 Qxe7 11. Bd3 O-O 12. O-O Kh8 13. Nd2 a5 14. f4 Bd7
15. Qf3 a4 16. Nc4 Rae8 17. Ne3 Qd8 18. Rad1 Na5 19. f5 f6 20. Nd5 Bc6 21. Nf4
Rf7 22. Qh5 Rfe7 23. Ne6 Qa8 24. Rf4 Rg8 25. Rdf1 Be8 26. Qh4 Bf7 27. e5 dxe5
28. dxe5 Bxe6 29. exf6 gxf6 30. Qxf6+ Rgg7 31. fxe6 1-0

[Event "Sabadell-A 5th"]
[Site "Sabadell"]
[Date "2011.03.18"]
[Round "7"]
[White "Escofet Martin, David"]
[Black "Subirats Ruiz, Sergi"]
[Result "1/2-1/2"]
[WhiteElo "2171"]
[BlackElo "2206"]
[PlyCount "27"]
[EventDate "2011.02.04"]
[EventType "tourn"]
[EventRounds "9"]
[EventCountry "ESP"]
[EventCategory "2"]
[SourceTitle "CBM 141 Extra"]
[Source "ChessBase"]
[SourceDate "2011.05.03"]
[SourceVersion "1"]
[SourceVersionDate "2011.05.03"]
[SourceQuality "1"]

1. e4 e5 2. Nf3 Nc6 3. c3 Nf6 4. d4 exd4 5. e5 Ne4 6. cxd4 Bb4+ 7. Nbd2 O-O 8.
Bd3 d5 9. O-O f5 10. a3 Be7 11. b4 Qe8 12. Qb3 Qf7 13. b5 Nd8 14. Ne1 1/2-1/2

[Event "Kouty nad Desnou op-A"]
[Site "Kouty nad Desnou"]
[Date "2011.03.16"]
[Round "6"]
[White "Lizner, Milan"]
[Black "Sedivy, Martin"]
[Result "1-0"]
[WhiteElo "2070"]
[BlackElo "1849"]
[PlyCount "57"]
[EventDate "2011.03.12"]
[EventType "swiss"]
[EventRounds "9"]
[EventCountry "CZE"]
[SourceTitle "EXT 2014"]
[Source "ChessBase"]
[SourceDate "2013.11.20"]
[SourceVersion "1"]
[SourceVersionDate "2013.11.20"]
[SourceQuality "1"]

1. e4 e5 2. Nf3 Nc6 3. c3 Nf6 4. d4 exd4 5. e5 Nd5 6. Bb5 a6 7. Ba4 Nb6 8. cxd4
Nxa4 9. Qxa4 Bb4+ 10. Nc3 Bxc3+ 11. bxc3 O-O 12. O-O b5 13. Qb3 Bb7 14. Bg5 Na5
15. Qb4 f6 16. exf6 gxf6 17. Bh6 c5 18. Qxc5 Rf7 19. d5 Rc8 20. Qd4 Rc4 21. Qd3
Rc5 22. d6 Rd5 23. Nd4 f5 24. Qg3+ Kh8 25. Rae1 Nc4 26. Re7 f4 27. Bg7+ Kg8 28.
Qg4 h5 29. Qg6 1-0